01482nam a2200361 a 4500001001200000003000800012006001900020007001500039008004100054010001700095020004300112020004000155020002700195040002100222035002100243050002500264082001900289100002200308245011300330260004900443300003800492490005700530504005100587533015200638650002000790650004500810655002900855700001600884710001700900830005800917856012600975999001901101ebr10479807CaPaEBRm u cr cn|||||||||101102s2011 njua sb 001 0 eng d z 2010043493 z9789814340533 (hardcover : alk. paper) z9814340537 (hardcover : alk. paper) z9789814340540 (e-book) aCaPaEBRcCaPaEBR a(OCoLC)73304810414aQH323.5b.B53 2011eb04a570.15/1182221 aBianca, Concetta.10aTowards a mathematical theory of complex biological systemsh[electronic resource] /cC. Bianca, N. Bellomo. aHackensack, N.J. :bWorld Scientific,c2011. axvii, 208 p. :bill. (some col.).1 aSeries in mathematical biology and medicine ;vv. 11 aIncludes bibliographical references and index. aElectronic reproduction.bPalo Alto, Calif. :cebrary,d2013.nAvailable via World Wide Web.nAccess may be limited to ebrary affiliated libraries. 0aBiomathematics. 0aBiological systemsxMathematical models. 7aElectronic books.2local1 aBellomo, N.2 aebrary, Inc. 0aSeries in mathematical biology and medicine ;vv. 11.40uhttp://site.ebrary.com/lib/rucke/Doc?id=10479807zAn electronic book accessible through the World Wide Web; click to view c117731d117731